Qur' anic concepts of the ethics of warfare: (Record no. 4968)
[ view plain ]
| 000 -LEADER | |
|---|---|
| fixed length control field | 00788nam a22002177a 4500 |
| 003 - CONTROL NUMBER IDENTIFIER | |
| control field | LK-CoMWRAF |
| 005 - DATE AND TIME OF LATEST TRANSACTION | |
| control field | 20240908013627.0 |
| 008 - FIXED-LENGTH DATA ELEMENTS--GENERAL INFORMATION | |
| fixed length control field | 240908b |||||||| |||| 00| 0 eng d |
| 022 ## - INTERNATIONAL STANDARD SERIAL NUMBER | |
| International Standard Serial Number | 2045-6603 |
| 040 ## - CATALOGING SOURCE | |
| Original cataloging agency | LK-CoMWRAF |
| Modifying agency | LK-CoMWRAF |
| Description conventions | LK-CoMWRAF |
| 041 ## - LANGUAGE CODE | |
| Language code of text/sound track or separate title | English |
| 082 ## - DEWEY DECIMAL CLASSIFICATION NUMBER | |
| Classification number | 297.27 |
| Item number | HAY |
| 942 ## - ADDED ENTRY ELEMENTS (KOHA) | |
| Koha item type | Books |
| 100 ## - MAIN ENTRY--PERSONAL NAME | |
| Personal name | Hayward, Joel |
| 245 ## - TITLE STATEMENT | |
| Title | Qur' anic concepts of the ethics of warfare: |
| Remainder of title | challenging the claims of Islamic aggressiveness |
| 260 ## - PUBLICATION, DISTRIBUTION, ETC. (IMPRINT) | |
| Place of publication, distribution, etc. | London: |
| Name of publisher, distributor, etc. | The Cordoba Foundation; |
| Date of publication, distribution, etc. | 2011 |
| 300 ## - PHYSICAL DESCRIPTION | |
| Extent | 22 p. |
| 490 ## - SERIES STATEMENT | |
| Series statement | Occasional papers (Cordoba Foundation), |
| Volume/sequential designation | no.2 |
| 856 ## - ELECTRONIC LOCATION AND ACCESS | |
| Uniform Resource Identifier | <a href="https://serdargunes.wordpress.com/wp-content/uploads/2014/09/qur_anic-concepts-of-the-ethics-of-war-challenging-the-claims-of-islamic-aggressiveness.pdf">https://serdargunes.wordpress.com/wp-content/uploads/2014/09/qur_anic-concepts-of-the-ethics-of-war-challenging-the-claims-of-islamic-aggressiveness.pdf</a> |
| 650 ## - SUBJECT ADDED ENTRY--TOPICAL TERM | |
| Topical term or geographic name as entry element | ISLAM AND POLITICS |
| Withdrawn status | Lost status | Damaged status | Not for loan | Permanent Location | Current Location | Date acquired | Full call number | Barcode | Koha item type |
|---|---|---|---|---|---|---|---|---|---|
| Resource center, Muslim Women's Research And Action Forum | Resource center, Muslim Women's Research And Action Forum | 2024-09-08 | 297.27 HAY | RAF5356 | Books |

